[Event "14th IBCA World Chess Championship for Blind 2019"]
[Site "Cagliari"]
[Date "2019.04.10"]
[Round "5"]
[Board "1"]
[White "Smirnov, Alexey"]
[Black "Babarykin, Stanislav"]
[Result "1/2-1/2"]
[WhiteElo "2451"]
[BlackElo "2401"]
[PlyCount "30"]
[EventDate "2019.04.06"]
[EventRounds "9"]
[EventCountry "ITA"]

1. e4 e5 2. Nf3 Nc6 3. Bb5 a6 4. Bxc6 dxc6 5. O-O Bg4 6. h3 h5 7. c3 Qd3 8.
hxg4 hxg4 9. Nxe5 Bd6 10. Nxd3 Bh2+ 11. Kh1 Be5+ 12. Kg1 Bh2+ 13. Kh1 Be5+ 14.
Kg1 Bh2+ 15. Kh1 Be5+  1/2-1/2

[Event "14th IBCA World Chess Championship for Blind 2019"]
[Site "Cagliari"]
[Date "2019.04.10"]
[Round "5"]
[Board "2"]
[White "Wassin, Sergej"]
[Black "Dimic, Pavle"]
[Result "1/2-1/2"]
[WhiteElo "2262"]
[BlackElo "2333"]
[PlyCount "24"]
[EventDate "2019.04.06"]
[EventRounds "9"]
[EventCountry "ITA"]

1. d4 Nf6 2. Nf3 e6 3. c4 Bb4+ 4. Bd2 Qe7 5. Nc3 O-O 6. g3 Bxc3 7. Bxc3 Ne4 8.
Qc2 Nxc3 9. Qxc3 d6 10. Bg2 Nc6 11. O-O e5 12. dxe5 dxe5  1/2-1/2

[Event "14th IBCA World Chess Championship for Blind 2019"]
[Site "Cagliari"]
[Date "2019.04.10"]
[Round "5"]
[Board "3"]
[White "Kolpakov, Vladyslav"]
[Black "Nikac, Predrag"]
[Result "0-1"]
[WhiteElo "2150"]
[BlackElo "2297"]
[PlyCount "71"]
[EventDate "2019.04.06"]
[EventRounds "9"]
[EventCountry "ITA"]

1. e4 c5 2. Nf3 Nc6 3. d4 cxd4 4. Nxd4 e5 5. Nb5 d6 6. N1c3 a6 7. Na3 b5 8. Nd5
Nf6 9. Bg5 Be7 10. Bxf6 Bxf6 11. c3 Bg5 12. Nc2 O-O 13. a4 bxa4 14. Rxa4 a5 15.
Bc4 Rb8 16. b3 Kh8 17. h4 Bh6 18. Nce3 Be6 19. g3 Ne7 20. O-O Nxd5 21. Nxd5 g6
22. Kg2 f5 23. h5 f4 24. Rh1 g5 25. g4 f3+ 26. Kg3 Bd7 27. Ra2 a4 28. Rxa4 Rf4
29. Nxf4 gxf4+ 30. Kxf3 Qc8 31. Qxd6 Bxg4+ 32. Kg2 f3+ 33. Kf1 Rxb3 34. Qd3 Rb2
35. Bd5 Bh3+ 36. Ke1  0-1

[Event "14th IBCA World Chess Championship for Blind 2019"]
[Site "Cagliari"]
[Date "2019.04.10"]
[Round "5"]
[Board "4"]
[White "Stachanczyk, Jacek"]
[Black "Tazbir, Marcin"]
[Result "0-1"]
[WhiteElo "2163"]
[BlackElo "2540"]
[PlyCount "54"]
[EventDate "2019.04.06"]
[EventRounds "9"]
[EventCountry "ITA"]

1. e4 d6 2. d4 Nf6 3. Nc3 c6 4. f4 Qa5 5. e5 Ne4 6. Bd3 Nxc3 7. Qd2 d5 8. bxc3
c5 9. Nf3 Nc6 10. h3 c4 11. Be2 Qa4 12. g4 h5 13. Rg1 hxg4 14. hxg4 e6 15. a3
Be7 16. Kf2 Bd7 17. Kg2 f6 18. Bd1 fxe5 19. fxe5 O-O-O 20. Rh1 Rxh1 21. Kxh1
Rh8+ 22. Kg2 Be8 23. Qf2 Qa5 24. Bd2 Bg6 25. a4 Be4 26. Kg3 Qd8 27. Qe3 Rh1  0-1

[Event "14th IBCA World Chess Championship for Blind 2019"]
[Site "Cagliari"]
[Date "2019.04.10"]
[Round "5"]
[Board "5"]
[White "Tuka, Oleg"]
[Black "Lindenmair, Anton"]
[Result "1-0"]
[WhiteElo "2367"]
[BlackElo "1974"]
[PlyCount "79"]
[EventDate "2019.04.06"]
[EventRounds "9"]
[EventCountry "ITA"]

1. d4 Nf6 2. c4 g6 3. Nc3 Bg7 4. e4 d6 5. f3 c6 6. Be3 a6 7. a4 a5 8. Bd3 Na6
9. Qd2 O-O 10. Rd1 e5 11. Nge2 Qe7 12. O-O exd4 13. Nxd4 Nb4 14. Bb1 Be6 15. b3
d5 16. cxd5 cxd5 17. e5 Nd7 18. f4 Bg4 19. Rde1 Nc5 20. h3 Bd7 21. Bf2 Rac8 22.
Qe3 Ne6 23. f5 Nxd4 24. Qxd4 Bxf5 25. Bxf5 gxf5 26. Nxd5 Nxd5 27. Qxd5 Qe6 28.
Qxa5 Qxb3 29. Re3 Qe6 30. Bh4 Qc4 31. Qe1 Rc6 32. Rxf5 Ra6 33. Re4 Qc5+ 34. Kh2
Re8 35. Bg3 Rae6 36. Qf1 Bxe5 37. Bxe5 Rxe5 38. Rg4+ Kh8 39. Rxf7 Re1 40. Qf6#
 1-0

[Event "14th IBCA World Chess Championship for Blind 2019"]
[Site "Cagliari"]
[Date "2019.04.10"]
[Round "5"]
[Board "6"]
[White "Streltsov, Alexey"]
[Black "Mueller, Oliver"]
[Result "0-1"]
[WhiteElo "2131"]
[BlackElo "2253"]
[PlyCount "110"]
[EventDate "2019.04.06"]
[EventRounds "9"]
[EventCountry "ITA"]

1. e4 c5 2. Nf3 Nc6 3. Bb5 d6 4. O-O Bd7 5. Re1 a6 6. Bf1 Nf6 7. c3 e6 8. d4
cxd4 9. cxd4 d5 10. e5 Ne4 11. Bd3 Nb4 12. Bxe4 dxe4 13. Ng5 Nd3 14. Rxe4 Nxc1
15. Qxc1 Be7 16. Rg4 h5 17. Qf4 f6 18. Nxe6 Bxe6 19. Rxg7 fxe5 20. Qxe5 Qd5 21.
Rxe7+ Kxe7 22. Qg7+ Kd6 23. Qg3+ Kc6 24. Nc3 Qd6 25. d5+ Bxd5 26. Qxd6+ Kxd6
27. Rd1 Rad8 28. Rxd5+ Ke6 29. Rg5 Rd2 30. Rg6+ Kd7 31. Rb6 Kc7 32. Rb4 Rhd8
33. f4 Rc2 34. Rc4+ Kb8 35. f5 Rdd2 36. Rf4 Rxg2+ 37. Kf1 Rxh2 38. Kg1 Rcg2+
39. Kf1 Rxb2 40. Ke1 Rhc2 41. Nd1 Rxa2 42. f6 Re2+ 43. Kf1 Re8 44. Ne3 Rf8 45.
Rf5 h4 46. f7 h3 47. Kg1 a5 48. Kh1 a4 49. Nc4 Kc7 50. Ne5 Rg2 51. Nd7 Kxd7 52.
Rd5+ Ke7 53. Re5+ Kf6 54. Re8 Kg7 55. Rxf8 Rg1+  0-1

[Event "14th IBCA World Chess Championship for Blind 2019"]
[Site "Cagliari"]
[Date "2019.04.10"]
[Round "5"]
[Board "7"]
[White "Grigorchuk, Sergey"]
[Black "Wolanski, Michal"]
[Result "1/2-1/2"]
[WhiteElo "2236"]
[BlackElo "1935"]
[PlyCount "30"]
[EventDate "2019.04.06"]
[EventRounds "9"]
[EventCountry "ITA"]

1. d4 Nf6 2. c4 c5 3. Nf3 cxd4 4. Nxd4 Nc6 5. g3 g6 6. Bg2 Bg7 7. O-O O-O 8.
Nc3 d6 9. Nc2 Be6 10. Ne3 Qd7 11. Ned5 Bh3 12. Bd2 Bxg2 13. Kxg2 Nxd5 14. cxd5
Ne5 15. h3 Rac8 $11  1/2-1/2

[Event "14th IBCA World Chess Championship for Blind 2019"]
[Site "Cagliari"]
[Date "2019.04.10"]
[Round "5"]
[Board "8"]
[White "Dobierzin, Olaf"]
[Black "Dukaczewski, Piotr"]
[Result "0-1"]
[WhiteElo "1992"]
[BlackElo "2225"]
[PlyCount "80"]
[EventDate "2019.04.06"]
[EventRounds "9"]
[EventCountry "ITA"]

1. e4 c5 2. Nf3 e6 3. d4 cxd4 4. Nxd4 Qb6 5. Nb3 Qc7 6. Nc3 a6 7. Be3 b5 8. Bd3
Bb7 9. O-O Nf6 10. a3 d6 11. f4 Nbd7 12. Qf3 Be7 13. g4 h6 14. Qg3 e5 15. Rad1
exf4 16. Bxf4 Ne5 17. Bxe5 dxe5 18. h3 O-O 19. Kh2 Bxa3 20. bxa3 Qxc3 21. Qf3
a5 22. h4 a4 23. Nc1 Qc6 24. Rde1 Rad8 25. g5 hxg5 26. hxg5 Nh7 27. Rg1 Rd6 28.
Qe2 Qc3 29. Rg3 Qxa3 30. Bxb5 Qb4 31. Bd3 Rfd8 32. Reg1 Nf8 33. Qh5 Ng6 34. Rh3
Bxe4 35. Rg4 Qd2+ 36. Be2 Bf5 37. Rgh4 Bxh3 38. Rxh3 Qf4+ 39. Kg2 Qxc1 40. Qh7+
Kf8  0-1

[Event "14th IBCA World Chess Championship for Blind 2019"]
[Site "Cagliari"]
[Date "2019.04.10"]
[Round "5"]
[Board "9"]
[White "Zsiltzova-Lisenko, Lubov"]
[Black "Aryan, B Joshi"]
[Result "1/2-1/2"]
[WhiteElo "2191"]
[BlackElo "1864"]
[PlyCount "71"]
[EventDate "2019.04.06"]
[EventRounds "9"]
[EventCountry "ITA"]

1. e4 c6 2. d4 d5 3. exd5 cxd5 4. Bd3 Nc6 5. c3 Nf6 6. Bg5 e6 7. Nf3 Be7 8. O-O
Bd7 9. Nbd2 h6 10. Bh4 a6 11. Re1 Nh5 12. Bxe7 Qxe7 13. Ne5 Nf6 14. Ndf3 O-O
15. Bc2 Na5 16. a4 b5 17. Qd3 Rfc8 18. Nxd7 Qxd7 19. Ne5 Qc7 20. h3 b4 21. Re3
bxc3 22. b3 Rab8 23. Rb1 Rb4 24. Rf3 Nc6 25. Rxf6 gxf6 26. Qh7+ Kf8 27. Ng4
Nxd4 28. Qh8+ Ke7 29. Qxf6+ Kd6 30. Bd3 c2 31. Rc1 Qc3 32. Qf4+ Ke7 33. Qf6+
Kd6 34. Qf4+ Kc5 35. Qxf7 Kd6 36. Qf4+  1/2-1/2

[Event "14th IBCA World Chess Championship for Blind 2019"]
[Site "Cagliari"]
[Date "2019.04.10"]
[Round "5"]
[Board "11"]
[White "Ross, Chris N"]
[Black "Janjic, Stefan"]
[Result "0-1"]
[WhiteElo "2224"]
[BlackElo "2090"]
[PlyCount "126"]
[EventDate "2019.04.06"]
[EventRounds "9"]
[EventCountry "ITA"]

1. e4 e6 2. d4 d5 3. Nd2 a6 4. Ngf3 c5 5. exd5 exd5 6. Be2 Nf6 7. O-O Be7 8.
dxc5 Bxc5 9. Nb3 Bb6 10. Re1 O-O 11. Nbd4 Nc6 12. c3 Qd6 13. h3 Re8 14. Be3 Bc7
15. Bd3 Ne4 16. Qc2 Nxd4 17. Bxd4 Bf5 18. Kf1 Bg6 19. Re3 f5 20. Rae1 Bh5 21.
Ng1 Qc6 22. f3 Ng3+ 23. Kf2 Nh1+ 24. Ke2 Bg3 25. Rf1 Rxe3+ 26. Bxe3 Re8 27. Kd2
Qe6 28. Bd4 Bf4+ 29. Kd1 Ng3 30. Qf2 Nxf1 31. Bxf1 Be3 32. Bxe3 Qxe3 33. Qxe3
Rxe3 34. Kd2 Re8 35. Bd3 f4 36. Ne2 g5 37. h4 h6 38. hxg5 hxg5 39. Nd4 Bf7 40.
Bf5 Kg7 41. Bd7 Rd8 42. Bf5 Kf6 43. a4 Be8 44. a5 Bd7 45. Bd3 Rh8 46. Bf1 Rh1
47. Ke1 Ke5 48. Kf2 Bb5 49. Bxb5 axb5 50. Nxb5 Rb1 51. b4 Rc1 52. Ke2 Kf6 53.
Kf2 Kg6 54. Nc7 Rxc3 55. Nxd5 Rb3 56. Nc7 Rxb4 57. a6 bxa6 58. Nxa6 Rc4 59. Nb8
Kf5 60. Nd7 Ke6 61. Nb6 Rb4 62. Nc8 Kd7 63. Na7 Kc7  0-1

[Event "14th IBCA World Chess Championship for Blind 2019"]
[Site "Cagliari"]
[Date "2019.04.10"]
[Round "5"]
[Board "12"]
[White "Migala, Andrzej"]
[Black "Komissarov, Alexey"]
[Result "1/2-1/2"]
[WhiteElo "2037"]
[BlackElo "2207"]
[PlyCount "43"]
[EventDate "2019.04.06"]
[EventRounds "9"]
[EventCountry "ITA"]

1. e4 c6 2. d4 d5 3. e5 c5 4. dxc5 Nc6 5. Nf3 e6 6. Be3 Nge7 7. c3 Nf5 8. Bd4
Bd7 9. Be2 b6 10. cxb6 Nfxd4 11. cxd4 Qxb6 12. b3 Bb4+ 13. Kf1 Rc8 14. g3 O-O
15. Kg2 Be7 16. Qd2 f6 17. Nc3 fxe5 18. Na4 Qb8 19. dxe5 Nxe5 20. Rac1 Ng4 21.
Qd4 Nf6 22. Ne5  1/2-1/2

[Event "14th IBCA World Chess Championship for Blind 2019"]
[Site "Cagliari"]
[Date "2019.04.10"]
[Round "5"]
[Board "13"]
[White "Pribeanu, Mihail-Dacian"]
[Black "Zoltek, Tadeusz"]
[Result "1-0"]
[WhiteElo "2198"]
[BlackElo "2092"]
[PlyCount "45"]
[EventDate "2019.04.06"]
[EventRounds "9"]
[EventCountry "ITA"]

1. e4 Nf6 2. e5 Nd5 3. Nc3 Nxc3 4. bxc3 e6 5. f4 d6 6. Nf3 dxe5 7. fxe5 Be7 8.
d4 c5 9. Bd3 Bd7 10. O-O Bc6 11. Be3 Nd7 12. Qe1 O-O 13. Qg3 Kh8 14. Ng5 Bxg5
15. Bxg5 Qe8 16. Qh3 g6 17. Bf6+ Nxf6 18. exf6 e5 19. Rae1 cxd4 20. Rf5 e4 21.
Rf4 Qe5 22. Qh6 Rg8 23. Rh4  1-0

[Event "14th IBCA World Chess Championship for Blind 2019"]
[Site "Cagliari"]
[Date "2019.04.10"]
[Round "5"]
[Board "14"]
[White "Patra, Subhendu Kumar"]
[Black "Jandric, Damjan"]
[Result "1/2-1/2"]
[WhiteElo "1747"]
[BlackElo "2196"]
[PlyCount "44"]
[EventDate "2019.04.06"]
[EventRounds "9"]
[EventCountry "ITA"]

1. e4 c5 2. Nf3 d6 3. d4 cxd4 4. Nxd4 Nf6 5. Nc3 a6 6. h3 e5 7. Nde2 h5 8. Bg5
Be7 9. Bxf6 Bxf6 10. Nd5 Bg5 11. a4 Be6 12. Nec3 Nc6 13. Bc4 Rc8 14. Ba2 g6 15.
O-O O-O 16. Kh1 Rb8 17. f4 exf4 18. Nxf4 Bxa2 19. Rxa2 Bxf4 20. Rxf4 Qg5 21.
Rf1 Rbd8 22. Nd5 Qe5  1/2-1/2

[Event "14th IBCA World Chess Championship for Blind 2019"]
[Site "Cagliari"]
[Date "2019.04.10"]
[Round "5"]
[Board "15"]
[White "Adiyaman, Rene"]
[Black "Rositsan, Boris"]
[Result "1-0"]
[WhiteElo "2195"]
[BlackElo "2069"]
[PlyCount "48"]
[EventDate "2019.04.06"]
[EventRounds "9"]
[EventCountry "ITA"]

1. e4 d6 2. Nc3 Nf6 3. f4 g6 4. Nf3 Bg7 5. d4 c5 6. dxc5 Qa5 7. Bd2 Qxc5 8.
Bb5+ Bd7 9. Qe2 Bxb5 10. Qxb5+ Qxb5 11. Nxb5 Na6 12. e5 dxe5 13. fxe5 Ng4 14.
Bc3 O-O 15. O-O Ne3 16. Rf2 Rfd8 17. Bd4 Rd5 18. Nc3 Rxd4 19. Nxd4 Bxe5 20. Nf3
Bxc3 21. bxc3 Rc8 22. Rb1 b6 23. Rb3 e6 24. Ra3 Nc5  1-0

[Event "14th IBCA World Chess Championship for Blind 2019"]
[Site "Cagliari"]
[Date "2019.04.10"]
[Round "5"]
[Board "16"]
[White "Nizam, Rasim"]
[Black "Schellmann, Frank"]
[Result "1-0"]
[WhiteElo "2166"]
[BlackElo "2033"]
[PlyCount "131"]
[EventDate "2019.04.06"]
[EventRounds "9"]
[EventCountry "ITA"]

1. e4 e5 2. Nf3 Nc6 3. Bb5 a6 4. Ba4 Nf6 5. O-O Be7 6. Re1 b5 7. Bb3 d6 8. c3
O-O 9. h3 Bb7 10. d4 Re8 11. Nbd2 Bf8 12. Bc2 g6 13. Nf1 exd4 14. cxd4 Nb4 15.
Bb1 Bxe4 16. Bxe4 Nxe4 17. Qb3 d5 18. Ne5 c5 19. a3 c4 20. Qd1 f6 21. f3 fxe5
22. axb4 Ng5 23. dxe5 Bxb4 24. Bxg5 Qxg5 25. Qxd5+ Kh8 26. Re2 Rad8 27. Qe4 a5
28. g4 Rd3 29. Kg2 Qd8 30. Ng3 Qd5 31. f4 c3 32. Qxd5 Rxd5 33. Ne4 cxb2 34.
Rxb2 Re7 35. Rc1 Rd4 36. Re2 Kg7 37. Rc8 a4 38. f5 gxf5 39. gxf5 Rxe5 40. f6+
Kh6 41. Kf3 Rexe4 42. Rxe4 Rxe4 43. Kxe4 a3 44. Kf5 Bd6 45. Ke6 Bb4 46. Rg8 Bc5
47. Kd5 Bb4 48. Kc6 Bc3 49. f7 Bg7 50. Kxb5 a2 51. Ra8 Kg6 52. Rxa2 Kxf7 53.
Rg2 Bf6 54. Kc4 h6 55. Kd5 Bg5 56. Ke5 Bh4 57. Kf5 Bg5 58. Rg4 Be7 59. Rg6 h5
60. Rh6 h4 61. Rh7+ Kf8 62. Kg6 Ke8 63. Kf5 Kd7 64. Ke5 Kd8 65. Ke6 Bg5 66. Rh5
 1-0

[Event "14th IBCA World Chess Championship for Blind 2019"]
[Site "Cagliari"]
[Date "2019.04.10"]
[Round "5"]
[Board "17"]
[White "Draganov, Ruslan"]
[Black "Kishan, Gangolli"]
[Result "0-1"]
[WhiteElo "2162"]
[BlackElo "1950"]
[PlyCount "74"]
[EventDate "2019.04.06"]
[EventRounds "9"]
[EventCountry "ITA"]

1. d4 Nf6 2. e3 d5 3. Bd3 c5 4. b3 Nc6 5. Bb2 cxd4 6. exd4 Bg4 7. f3 Bh5 8. Ne2
e6 9. Nbc3 a6 10. Qd2 Bd6 11. O-O-O Qc7 12. Kb1 Nb4 13. a3 Nxd3 14. cxd3 Qe7
15. Ka2 O-O-O 16. Na4 Nd7 17. h4 f6 18. Nf4 Bf7 19. Rde1 e5 20. dxe5 fxe5 21.
d4 e4 22. fxe4 dxe4 23. Qc2+ Kb8 24. Rxe4 Qf6 25. g3 Qf5 26. Qe2 Bxf4 27. Rxf4
Bxb3+ 28. Kxb3 Qd5+ 29. Qc4 Qxh1 30. Nc3 Nf6 31. Rf5 Rc8 32. Qe6 Rc6 33. Qe5+
Ka8 34. Rf2 Re8 35. Qg5 Ne4 36. Re2 Rxc3+ 37. Bxc3 Qd1+  0-1

[Event "14th IBCA World Chess Championship for Blind 2019"]
[Site "Cagliari"]
[Date "2019.04.10"]
[Round "5"]
[Board "18"]
[White "Avram, Sretko"]
[Black "Saltik, Suleyman"]
[Result "1-0"]
[WhiteElo "2120"]
[BlackElo "1652"]
[PlyCount "157"]
[EventDate "2019.04.06"]
[EventRounds "9"]
[EventCountry "ITA"]

1. c4 e5 2. Nc3 Nc6 3. g3 Bc5 4. Bg2 d6 5. e3 Nge7 6. Nge2 Nf5 7. O-O O-O 8. a3
a5 9. b3 Re8 10. Bb2 f6 11. Nd5 Nce7 12. d4 Ba7 13. Rc1 c6 14. Nxe7+ Nxe7 15.
Nc3 Bf5 16. Qd2 Qb6 17. Qd1 Rad8 18. Na4 Qa6 19. Re1 Bd7 20. Nc3 Ng6 21. Bf1
exd4 22. c5 b5 23. cxb6 Qxb6 24. Na4 Qb7 25. exd4 Kh8 26. Rxe8+ Rxe8 27. Bc3 c5
28. Bg2 Qa6 29. Nb2 Re7 30. a4 Be6 31. d5 Bd7 32. Nc4 Ne5 33. Bxe5 fxe5 34. Qd2
Bb8 35. Qxa5 Qb7 36. Qb6 Qxb6 37. Nxb6 Be8 38. Nc4 Rb7 39. Rc3 Kg8 40. Be4 Bd7
41. Kg2 g6 42. h3 Kg7 43. g4 Rb4 44. f3 Kf6 45. Kg3 h6 46. h4 g5 47. hxg5+ hxg5
48. Bc2 Bc8 49. Be4 Bd7 50. Kf2 Ke7 51. Ke3 Kd8 52. Bg6 Ke7 53. Kd3 Bc7 54. Be4
Be8 55. Kc2 Bd7 56. Nd2 Ba5 57. Rd3 Bc8 58. Nc4 Bd8 59. Rd2 Ba6 60. Ne3 c4 61.
bxc4 Rxa4 62. Kb3 Ra1 63. Rh2 Kd7 64. Rh7+ Kc8 65. Nf5 Bc7 66. Rg7 Rc1 67. Rxg5
Bxc4+ 68. Kb4 Kb7 69. Rg6 Ka6 70. Nxd6 Ba5+ 71. Ka3 Ra1+ 72. Kb2 Ra2+ 73. Kb1
Bb3 74. Nc4+ Kb5 75. Nxa5 Kxa5 76. Re6 Rd2 77. Kc1 Rd4 78. Kb2 Ba4 79. Kc3  1-0

[Event "14th IBCA World Chess Championship for Blind 2019"]
[Site "Cagliari"]
[Date "2019.04.10"]
[Round "5"]
[Board "19"]
[White "Rutkowski, Jerzy"]
[Black "Fernandez Manrique, Agustin"]
[Result "0-1"]
[WhiteElo "1980"]
[BlackElo "2120"]
[PlyCount "78"]
[EventDate "2019.04.06"]
[EventRounds "9"]
[EventCountry "ITA"]

1. e4 d6 2. d4 Nf6 3. Bd3 e5 4. Ne2 Be7 5. h3 Nbd7 6. c3 O-O 7. Ng3 d5 8. O-O
dxe4 9. Bc2 exd4 10. cxd4 c5 11. Be3 cxd4 12. Bxd4 Nc5 13. Bxc5 Bxc5 14. Qxd8
Rxd8 15. Nxe4 Nxe4 16. Bxe4 Be6 17. Nc3 Rd2 18. Bxb7 Rb8 19. Ne4 Bxf2+ 20. Rxf2
Rxf2 21. Kxf2 Rxb7 22. b3 Rc7 23. Rd1 Kf8 24. Rd2 Ke7 25. Ng5 Bf5 26. Ke3 Rc1
27. Nf3 f6 28. Nd4 Bd7 29. a4 a5 30. Ke4 Rc5 31. Rb2 g5 32. b4 axb4 33. Rxb4
Ra5 34. Nb5 Bc6+ 35. Ke3 Bxg2 36. h4 h6 37. Kf2 Bc6 38. Kg3 Bd7 39. Nc3 f5 {
Time White Zero}  0-1

[Event "14th IBCA World Chess Championship for Blind 2019"]
[Site "Cagliari"]
[Date "2019.04.10"]
[Round "5"]
[Board "20"]
[White "Clemente Llamero, Roberto"]
[Black "Znuderl, Matej"]
[Result "1-0"]
[WhiteElo "2117"]
[BlackElo "1918"]
[PlyCount "71"]
[EventDate "2019.04.06"]
[EventRounds "9"]
[EventCountry "ITA"]

1. e4 c5 2. Nf3 d6 3. d4 cxd4 4. Nxd4 Nf6 5. Nc3 a6 6. Be3 g6 7. f3 Bg7 8. Qd2
Nc6 9. O-O-O O-O 10. g4 Nd7 11. h4 Nde5 12. Be2 Bd7 13. h5 b5 14. Nxc6 Bxc6 15.
Bh6 b4 16. Bxg7 Kxg7 17. hxg6 hxg6 18. Qh6+ Kf6 19. Nd5+ Ke6 20. f4 Rh8 21.
Qxh8 Qxh8 22. Rxh8 Rxh8 23. fxe5 Kxe5 24. Nxe7 Bxe4 25. Re1 Kf4 26. Rf1+ Ke3
27. Bd1 Rf8 28. Rf6 a5 29. Rxd6 g5 30. Nc6 Kf4 31. Nxa5 f5 32. gxf5 Rxf5 33.
Nc4 Bd5 34. b3 g4 35. Bxg4 Kxg4 36. Ne3+  1-0

[Event "14th IBCA World Chess Championship for Blind 2019"]
[Site "Cagliari"]
[Date "2019.04.10"]
[Round "5"]
[Board "21"]
[White "Vrioni, Bersan"]
[Black "Mueller, Thorsten"]
[Result "0-1"]
[WhiteElo "1924"]
[BlackElo "2086"]
[PlyCount "52"]
[EventDate "2019.04.06"]
[EventRounds "9"]
[EventCountry "ITA"]

1. e4 e6 2. d4 d5 3. e5 c5 4. c3 Nc6 5. Nf3 Bd7 6. Be2 Rc8 7. O-O cxd4 8. cxd4
Nge7 9. Na3 Nf5 10. Nc2 Be7 11. Ne3 g6 12. Nxf5 gxf5 13. Bh6 Rg8 14. a3 Qb6 15.
b4 f6 16. Bf4 a6 17. Qd2 Kd8 18. Rfd1 Be8 19. exf6 Bxf6 20. Bg5 Rxg5 21. Nxg5
Nxd4 22. Nxh7 Rc2 23. Ra2 Rxd2 24. Raxd2 Nxe2+ 25. Rxe2 Bh5 26. Red2 Bxd1  0-1

[Event "14th IBCA World Chess Championship for Blind 2019"]
[Site "Cagliari"]
[Date "2019.04.10"]
[Round "5"]
[Board "22"]
[White "Chojnowski, Marcin"]
[Black "Donmez, Unal"]
[Result "1-0"]
[WhiteElo "2083"]
[BlackElo "1887"]
[PlyCount "97"]
[EventDate "2019.04.06"]
[EventRounds "9"]
[EventCountry "ITA"]

1. e4 e5 2. Nf3 Nc6 3. Bb5 f5 4. d3 fxe4 5. dxe4 Nf6 6. O-O Bc5 7. Qd3 Qe7 8.
Nc3 Nb4 9. Qe2 c6 10. Ba4 a5 11. a3 Na6 12. Bb3 h6 13. Nh4 Rh7 14. Ng6 Qd6 15.
Qc4 Nd5 16. exd5 Qxg6 17. d6 Rh8 18. Ne4 Bd4 19. c3 b5 20. Qe2 Bb6 21. Ng5 Qf6
22. Nf7 Nc5 23. Ba2 Rf8 24. Nxe5 Ne6 25. Qh5+ Kd8 26. Be3 Ba7 27. Rae1 c5 28.
Bd5 Rb8 29. b4 Bb7 30. Bxb7 Rxb7 31. bxc5 Nxc5 32. Bxc5 Bxc5 33. Nc6+ dxc6 34.
Qxc5 Rff7 35. Qxc6 Rfd7 36. Rd1 Qf4 37. Rfe1 Qc4 38. Qa6 Rb8 39. Qxa5+ Kc8 40.
Re8+ Kb7 41. Rxb8+ Kxb8 42. Qb6+ Kc8 43. Re1 Qf7 44. h3 Rb7 45. Qc6+ Kd8 46.
Qa6 Rb8 47. Re7 Qc4 48. Qa5+ Kc8 49. d7+  1-0

[Event "14th IBCA World Chess Championship for Blind 2019"]
[Site "Cagliari"]
[Date "2019.04.10"]
[Round "5"]
[Board "23"]
[White "Suder, Ryszard"]
[Black "Holmela, Kari"]
[Result "1-0"]
[WhiteElo "2052"]
[BlackElo "1840"]
[PlyCount "75"]
[EventDate "2019.04.06"]
[EventRounds "9"]
[EventCountry "ITA"]

1. Nf3 Nf6 2. d4 d5 3. c4 e6 4. g3 Bb4+ 5. Bd2 Bxd2+ 6. Nbxd2 O-O 7. Bg2 Nbd7
8. O-O c6 9. Qc2 Re8 10. e4 dxe4 11. Nxe4 Nxe4 12. Qxe4 Nf6 13. Qc2 Bd7 14. Ne5
Rc8 15. Rad1 Qc7 16. Rfe1 Red8 17. Qe2 Be8 18. b3 b6 19. g4 h6 20. h4 c5 21. g5
hxg5 22. hxg5 Nh7 23. g6 fxg6 24. d5 Nf8 25. dxe6 Rxd1 26. Qxd1 Qe7 27. Qg4 Rd8
28. Bd5 Rb8 29. Re3 b5 30. Nd7 Rd8 31. Rf3 Nh7 32. Rh3 bxc4 33. Bxc4 a5 34. Bd5
Rc8 35. Re3 Rc7 36. Qf4 Ra7 37. Qb8 Ra6 38. Nxc5  1-0

[Event "14th IBCA World Chess Championship for Blind 2019"]
[Site "Cagliari"]
[Date "2019.04.10"]
[Round "5"]
[Board "24"]
[White "Casadei, Marco"]
[Black "Vela Ignacio, Jose Manuel"]
[Result "0-1"]
[WhiteElo "1921"]
[BlackElo "2038"]
[PlyCount "50"]
[EventDate "2019.04.06"]
[EventRounds "9"]
[EventCountry "ITA"]

1. e4 e5 2. Nf3 Nc6 3. Bc4 Nf6 4. Ng5 d5 5. exd5 b5 6. Bf1 Qxd5 7. Nc3 Qc5 8.
Bxb5 Be7 9. Qf3 Bb7 10. Qe3 Qb4 11. Nge4 O-O-O 12. a3 Qd4 13. Nxf6 gxf6 14. Ne4
f5 15. Bxc6 Bxc6 16. Qxd4 exd4 17. Ng3 Bxg2 18. Rg1 Bf3 19. d3 Rde8 20. Kf1 Bd6
21. Bg5 Rhg8 22. Bf6 c5 23. Re1 Rxe1+ 24. Kxe1 f4 25. Ne4 Re8  0-1

[Event "14th IBCA World Chess Championship for Blind 2019"]
[Site "Cagliari"]
[Date "2019.04.10"]
[Round "5"]
[Board "25"]
[White "Badano, Giancarlo"]
[Black "Grybas, Gintaras"]
[Result "0-1"]
[WhiteElo "1857"]
[BlackElo "2006"]
[PlyCount "78"]
[EventDate "2019.04.06"]
[EventRounds "9"]
[EventCountry "ITA"]

1. e4 c6 2. d4 d5 3. exd5 cxd5 4. Bf4 Nc6 5. c3 a6 6. Bd3 Nf6 7. Nd2 Bg4 8.
Ngf3 e6 9. h3 Bh5 10. O-O Be7 11. Re1 Bg6 12. Qe2 O-O 13. Ne5 Nxe5 14. Bxe5 b5
15. Bxg6 hxg6 16. Bxf6 gxf6 17. h4 b4 18. h5 g5 19. Qd3 bxc3 20. bxc3 Qd6 21.
Nb3 Qc6 22. g4 a5 23. Re3 Qa6 24. Nd2 Qxd3 25. Rxd3 Rfc8 26. Rc1 Bd6 27. c4
dxc4 28. Rxc4 Bb4 29. Kg2 Kg7 30. Kf3 f5 31. d5 fxg4+ 32. Kxg4 f5+ 33. Kf3 e5
34. Ke2 e4 35. Rg3 Kh6 36. Rc6+ Rxc6 37. dxc6 Rc8 38. f4 g4 39. Nxe4 Re8  0-1

[Event "14th IBCA World Chess Championship for Blind 2019"]
[Site "Cagliari"]
[Date "2019.04.10"]
[Round "5"]
[Board "26"]
[White "Wikman, Bengt"]
[Black "Schulz, Gert"]
[Result "0-1"]
[WhiteElo "1806"]
[BlackElo "1995"]
[PlyCount "112"]
[EventDate "2019.04.06"]
[EventRounds "9"]
[EventCountry "ITA"]

1. e4 c5 2. b3 Nc6 3. Bb2 e5 4. Bc4 Nf6 5. Nc3 Be7 6. Nge2 Nxe4 7. Nxe4 d5 8.
Bxd5 Qxd5 9. N2c3 Qe6 10. O-O O-O 11. f4 exf4 12. Rxf4 f5 13. Ng3 Nd4 14. Nce2
Nxe2+ 15. Nxe2 Bg5 16. Rf3 f4 17. Qf1 Qh6 18. h3 Bd7 19. Nc3 Bc6 20. Qc4+ Kh8
21. Ne4 b5 22. Qe2 Rfe8 23. d3 Re7 24. Qf2 Rxe4 25. dxe4 Bxe4 26. Rc3 Bf6 27.
Rxc5 Bxb2 28. Re1 Qg6 29. c3 Ba3 30. Re5 Bb7 31. b4 a5 32. Re6 Qh5 33. Qxf4
axb4 34. cxb4 h6 35. g4 Qd5 36. Re8+ Rxe8 37. Rxe8+ Kh7 38. Qf5+ Qxf5 39. gxf5
Bxb4 40. Rb8 Bc6 41. Kf1 Be7 42. Ke1 b4 43. h4 Bxh4+ 44. Kd2 Bd5 45. Rxb4 Bg5+
46. Ke2 Bxa2 47. Kf3 h5 48. Rb6 Bd5+ 49. Kg3 Be4 50. Rb5 h4+ 51. Kh3 Bf6 52.
Kg4 Bd3 53. Rb4 Bf1 54. Rb1 Bg2 55. Re1 h3 56. Kg3 Bh4+  0-1

[Event "14th IBCA World Chess Championship for Blind 2019"]
[Site "Cagliari"]
[Date "2019.04.10"]
[Round "5"]
[Board "27"]
[White "Bindzus, Ernst"]
[Black "Dal, Ibrahim"]
[Result "1-0"]
[WhiteElo "1985"]
[BlackElo "1606"]
[PlyCount "51"]
[EventDate "2019.04.06"]
[EventRounds "9"]
[EventCountry "ITA"]

1. e4 c6 2. d4 d5 3. f3 e6 4. Nc3 Bb4 5. Nge2 dxe4 6. fxe4 Ne7 7. Be3 O-O 8. a3
Ba5 9. Qd2 Nd7 10. Ng3 e5 11. O-O-O exd4 12. Bxd4 Ng6 13. Nf5 Nde5 14. h4 Bxf5
15. exf5 Nxh4 16. Bxe5 Qxd2+ 17. Rxd2 Bxc3 18. Bxc3 Nxf5 19. Bd3 Nh6 20. g4 f6
21. Bc4+ Nf7 22. Rd7 b5 23. Bb3 a5 24. Re1 c5 25. Bd5 Rac8 26. Ree7  1-0